| 000 | 01345nam a22001577a 4500 | ||
|---|---|---|---|
| 999 |
_c514785 _d514785 |
||
| 008 | 201212b ||||| |||| 00| 0 eng d | ||
| 100 |
_aFan, Jiabin. et al _921735 |
||
| 245 | _aBounded solidarity and mobile technology: The decline of core networks in Kerala | ||
| 260 | _aSociological Bulletin | ||
| 300 | _a69(2), Aug, 2020: p.191-214 | ||
| 520 | _aWe examine whether the widespread adoption of mobile technology is associated with changes in core social networks over the main decade of mobile diffusion in India. We focus primarily on network size, as well as the type and location of relationships. Grounded in interaction ritual theory, Ling’s bounded solidarity thesis suggests that mobile communication may reconfigure social bonds, leading to a focus on family and friends over workmates and acquaintances, as well as more local networks. This study analyses data from three waves of data (2002–2013) from the state of Kerala. Our key findings are generally consistent with bounded solidarity: family ties increased at the expense of work ties, and there was a shift away from regional and international ties towards local relationships. - Reproduced | ||
| 650 |
_aCore networks, Mobile phones, Emails, Internet, South Asia _919647 |
||
| 773 | _aSociological Bulletin | ||
| 906 | _aTELECOMMUNICATION - KERALA | ||
| 942 | _cAR | ||